000 01671nam a2200289 i 4500
001 000004152
003 DO-SdBNP
005 20251022101015.0
006 a||||gr|||| 00| 0
007 ta
008 090717e2000 dr adc fr 001 u spa d
040 _aDO-SdBNP
_bspa
_cBNPHU
_erda
082 4 _a336.091724
_bH117
_222
110 1 _aRepública Dominicana.
_bSecretaría Estado de Finanzas.
_912292
245 1 3 _aLa hacienda pública 1844-2000 :
_bcrónica histórica de la Secretaría de Estado de Finanzas.
264 4 _aSanto Domingo :
_bTele 3,
_c2000.
300 _a249 páginas :
_bIlustraciones., gráficos, retratos ;
_c31 cm.
336 _2rdacontent
_atexto
_btxt
337 _2rdamedia
_asin mediación
_bn
338 _2rdacarrier
_avolumen
_bnc
500 _aIncluye Gobiernos y Secretarios de Estad de cartera.
504 _aBibliografía : páginas 248- 249
505 _aPresentación--
_gCapítulo 1--
_tAcorralada por la insolvencia, 1844-1849 --
_gCapítulo 2--
_tLa plaga de las emisiones, 1849-1881 --
_gCapítulo 3--
_tNaufragio en un mar de préstamos, 1882-1899 --
_gCapítulo 4--
_tHacia las cadenas de la dependencia, 1899-1915 --
_gCapítulo 5--
_tCambios en un puño de hierro, 1916-1930 --
_gCapítulo 6--
_tRebosan las arcas... se afianza la tiranía, 1930-1961 --
_gCapítulo 7--
_tEn los círculos de la incertidumbre, 1961-1966 --
_gCapítulo 8--
_tEntre la austeridad y el descontrol, 1966-1996 --
_gCapítulo 9--
_tCrecimiento con estabilidad, 1996-2000 --
_tApéndice--
_tFuentes y Bibliografía General.
590 _aInventariado 2023 / MF
650 0 _aFinanzas públicas
_zRepublica Dominicana
_xHistoria
_y1844-2000
_932168
942 _2ddc
_cLBS1
999 _c3968
_d3968